logo

Bir Sreshtho Munshi Abdur Rouf Library
Jhenaidah Cadet College

আউটসোর্সিং : (Record no. 10765)

MARC details
000 -LEADER
fixed length control field 00838nam a2200241 a 4500
001 - CONTROL NUMBER
JCCL Control Number 10765
003 - CONTROL NUMBER IDENTIFIER
JCCL marc code BD-JhCC
005 - DATE AND TIME OF LATEST TRANSACTION
control field 20200219134008.0
008 - FIXED-LENGTH DATA ELEMENTS--GENERAL INFORMATION
fixed length control field 180905s20162015bg a|||| |||| 000 0 ben d
020 ## - INTERNATIONAL STANDARD BOOK NUMBER
International Standard Book Number 9789848933225
035 ## - SYSTEM CONTROL NUMBER
system control number (BD-JhCC)10765
040 ## - CATALOGING SOURCE
Original cataloging agency BD-JhCC
Modifying agency BD-JhCC
041 ## - LANGUAGE CODE
Language code of Book ben
082 ## - DEWEY DECIMAL CLASSIFICATION NUMBER
Classification number 658.4058
Author mark and Year INT 2016
245 ## - TITLE STATEMENT
Title আউটসোর্সিং :
Remainder of title ইন্টারনেটে আত্মকর্মসংস্থান /
Statement of responsibility, etc বিডি বুক
260 ## - PUBLICATION, DISTRIBUTION, ETC. (IMPRINT)
Place of publication, distribution, etc ঢাকা :
Name of publisher, distributor, etc জ্ঞানকোষ,
Date of publication, distribution, etc ২০১৬.
300 ## - PHYSICAL DESCRIPTION
Pagination ৩৬৬ পৃ. :
Other physical details চিত্রবলী;
Dimensions ২৫ সেমি.
490 ## - SERIES STATEMENT
Series statement বিডি বুক সিরিজ
650 ## - SUBJECT ADDED ENTRY--TOPICAL TERM
Topical term or geographic name as entry element Information technology--Management
650 ## - SUBJECT ADDED ENTRY--TOPICAL TERM
Topical term or geographic name as entry element Outsourcing
710 ## - ADDED ENTRY--CORPORATE NAME
Corporate name or jurisdiction name as entry element বিডি বুক
942 ## - ADDED ENTRY ELEMENTS (KOHA)
Source of classification or shelving scheme Dewey Decimal Classification
Koha item type Books
Koha issues (borrowed), all copies 6
Holdings
Source of classification or shelving scheme volume number Damaged status Not for loan Home library Current library Shelving location Date of accession Cost, normal purchase price Total Checkouts Full call number Barcode Date last seen Copy number Koha item type Date checked out
Dewey Decimal Classification V-2     JCC Rouf Library JCC Rouf Library General Stacks 09/05/2018 350.00   658.4058 INT 2016 14577 03/16/2023 C-1 Books  
Dewey Decimal Classification V-2     JCC Rouf Library JCC Rouf Library General Stacks 09/05/2018 350.00 7 658.4058 INT 2016 14578 07/20/2025 C-2 Books 07/13/2025

JCC Library | Contacts | JCC Home

Last Update on 23 September 2017
Copyright @ 2017-2020 JCC Rouf Library
Rouf Library, Jhenidah Cadet College (JCC), Bangladesh